000 00429nam a2200157Ia 4500
008 160316s1997 xxu||||| |||| 00| 0 eng d
082 _a1.642400
_bHAD
100 _aHaddad Alexandra
245 _aTeach yourself microsoft (power point) in 24 hours
250 _a
260 _aNew Delhi
_bTechmedia
_c1997
300 _a447p
_b
_c
365 _b120/-
650 _a1. Computer - Multimedia Package - Power Point
700 _a
_a
999 _c11736
_d11736